10 państw najbliżej Szwecji - Statystyki

Ogólne statystyki
  • Ten quiz został rozwiązany 129 razy
  • Średni wynik to 10 z 10
Statystyki odpowiedzi
km Państwo % Poprawnych
4 Dania
100%
0 Finlandia
100%
0 Norwegia
100%
244 Rosja
100%
143 Estonia
99%
142 Łotwa
99%
73 Niemcy
99%
177 Polska
99%
198 Litwa
98%
439 Holandia
93%
Nie znaleziono quizów pasujących do podanych kryteriów
Rozkład punktacji
Procent ludzi z każdym wynikiem
Percentyl według liczby udzielonych odpowiedzi
Twoja historia wyników
Nie rozwiązałeś tego quizu